000 00889nam1a22002411i 4500
001 rc\2836995
005 20240726073903.0
035 _a(NLR Aleph) 006994716
090 _a5661403
_c5661403
100 _a20110628d1928 |||y0rusy50 ca
101 0 _arus
102 _aRU
105 _ay z |||||
200 1 _aЛитературный сборник
_e1-
210 _aКострома
_cБ. и.
_d1928
_gгос. типо-литогр. "Красный печатник"
215 _d26х17 см
225 1 _aТруды Костромского научного общества по изучению местного края
_vВып. 42
710 0 2 _aКостромское научное общество по изучению местного края
801 0 _aRU
_bNLR
_gpsbo
801 1 _aRU
_bELAR
_2rusmarc
852 _aNLR
_j40.3.7.71/42
852 _aNLR
_j127/681
942 _cBOOK